|
|
|
|
| LEADER |
01363nam a2200313 a 4500 |
| 001 |
2263952 |
| 008 |
110223s1979 nyua b 001 0 eng d |
| 010 |
|
|
|a 78012361
|
| 020 |
|
|
|a 0716710447
|
| 020 |
|
|
|a 0716710455
|
| 022 |
|
|
|a 9780716710448
|
| 022 |
|
|
|a 978071670455
|
| 040 |
|
|
|a DLC
|c DLC
|d DLC
|d BD-DhAAL
|
| 082 |
0 |
0 |
|a 519.4
|2 22
|
| 100 |
1 |
|
|a Garey, Michael R.
|
| 245 |
1 |
0 |
|a Computers and intractability :
|b a guide to the theory of NP-completeness /
|c Michael R. Garey, David S. Johnson.
|
| 260 |
|
|
|a New York ;
|a Houndmills ;
|a San Francisco :
|b W. H. Freeman,
|c c1979.
|
| 300 |
|
|
|a x, 338 p. :
|b ill. ;
|c 24 cm.
|
| 490 |
0 |
|
|a A Series of books in the mathematical sciences
|
| 504 |
|
|
|a Includes index and Bibliography (p. [291]-325.)
|
| 541 |
1 |
|
|e 00021976
|
| 650 |
|
0 |
|a Computer programming.
|
| 650 |
|
0 |
|a Computer algorithms.
|
| 650 |
|
0 |
|a Computational complexity.
|
| 700 |
1 |
|
|a Johnson, David S.,
|d 1945-
|e joint author.
|
| 852 |
4 |
|
|a Ayesha Abed Library
|j General shelf
|
| 999 |
|
|
|c 10475
|d 10475
|
| 952 |
|
|
|0 0
|1 0
|2 ddc
|4 0
|6 519_400000000000000_GAR
|7 0
|9 14427
|a BRACUL
|b BRACUL
|c GEN
|d 2011-02-24
|e Karim International
|g 5170.00
|l 2
|m 8
|o 519.4 GAR
|p 3010021976
|r 2025-04-30
|s 2025-04-17
|t 1
|w 2011-02-24
|y BK
|
| 952 |
|
|
|0 0
|1 0
|2 ddc
|4 0
|6 519_400000000000000_GAR
|7 0
|9 15917
|a BRACUL
|b BRACUL
|c GEN
|d 2011-03-30
|g 4320.00
|l 0
|o 519.4 GAR
|p 3010022023
|r 2011-03-30
|t 2
|w 2011-03-30
|y BK
|